000 00513nam a2200181Ia 4500
005 20250508162705.0
008 008 250505s9999 xx 000 0 eng d
037 _aTextual
040 _aFEDL
_beng
_cFEDL
041 _aeng
_2eng
084 _a371.1, SMI
_qFEDL
100 _aSmith Anthony D
245 0 _aStarting to teach : Surviving and succeeding in the classroom
260 _aLondon, UK
_bKogan Page
_c1988
300 _a127p.
942 _cTEXL
_h371.1, SMI
999 _c1378081
_d1378081